The stolen sphere, (Record no. 588574)
[ view plain ]
| 000 -LEADER | |
|---|---|
| fixed length control field | 00729cam a2200253u 4500 |
| 001 - CONTROL NUMBER | |
| control field | 8381132 |
| 003 - CONTROL NUMBER IDENTIFIER | |
| control field | NUST |
| 005 - DATE AND TIME OF LATEST TRANSACTION | |
| control field | 20220305121324.0 |
| 008 - FIXED-LENGTH DATA ELEMENTS--GENERAL INFORMATION | |
| fixed length control field | 830701t19531952nyu j 000 0 eng |
| 010 ## - LIBRARY OF CONGRESS CONTROL NUMBER | |
| LC control number | 53006067 |
| 038 ## - RECORD CONTENT LICENSOR | |
| Staff Name | waseem |
| 040 ## - CATALOGING SOURCE | |
| Original cataloging agency | DLC |
| Transcribing agency | CarP |
| Modifying agency | DLC |
| 050 00 - LIBRARY OF CONGRESS CALL NUMBER | |
| Classification number | PZ7.C8827 |
| Item number | St |
| 082 ## - DEWEY DECIMAL CLASSIFICATION NUMBER | |
| Classification number | 813.6 |
| Author Mark | CRO |
| 100 1# - MAIN ENTRY--PERSONAL NAME | |
| Personal name | Cross, John Keir, |
| Dates associated with a name | 1914- |
| 9 (RLIN) | 90221 |
| 240 00 - UNIFORM TITLE | |
| Uniform title | Flying Fortunes in an encounter with Rubberface! [from old catalog] |
| 245 14 - TITLE STATEMENT | |
| Title | The stolen sphere, |
| Remainder of title | an adventure and a mystery. |
| 250 ## - EDITION STATEMENT | |
| Edition statement | [1st American ed.] |
| 260 ## - PUBLICATION, DISTRIBUTION, ETC. | |
| Place of publication, distribution, etc. | New York, |
| Name of publisher, distributor, etc. | Dutton, |
| Date of publication, distribution, etc. | 1953 [c1952] |
| 300 ## - PHYSICAL DESCRIPTION | |
| Extent | 220 p. |
| Dimensions | 20 cm. |
| 563 ## - BINDING INFORMATION | |
| Binding note | HBK. |
| 906 ## - LOCAL DATA ELEMENT F, LDF (RLIN) | |
| a | 0 |
| b | cbc |
| c | premunv |
| d | u |
| e | ncip |
| f | 19 |
| g | y-gencatlg |
| 942 ## - ADDED ENTRY ELEMENTS (KOHA) | |
| Source of classification or shelving scheme | |
| Koha item type | Book |
| Withdrawn status | Lost status | Source of classification or shelving scheme | Damaged status | Not for loan | Permanent Location | Current Location | Shelving location | Date acquired | Source of acquisition | Total Checkouts | Full call number | Barcode | Date last seen | Date last checked out | Price effective from | Koha item type |
|---|---|---|---|---|---|---|---|---|---|---|---|---|---|---|---|---|
| Central Library (CL) | Central Library (CL) | Fiction | 03/05/2022 | Donated by Student Affairs NUST | 2 | 813.6 CRO | CL-D-1514 | 04/19/2026 | 09/12/2025 | 03/05/2022 | Book |
